KOHA-Header-6

The Power of Habit (Record no. 2398)

000 -LEADER
fixed length control field 00292nam a2200121Ia 4500
008 - FIXED-LENGTH DATA ELEMENTS--GENERAL INFORMATION
fixed length control field 190802s9999 xx 000 0 und d
020 ## - INTERNATIONAL STANDARD BOOK NUMBER
International Standard Book Number 978-1-847-94624-9
100 ## - MAIN ENTRY--PERSONAL NAME
Personal name Charles Duhigg
245 #4 - TITLE STATEMENT
Title The Power of Habit
260 ## - PUBLICATION, DISTRIBUTION, ETC. (IMPRINT)
Place of publication, distribution, etc UK
Name of publisher, distributor, etc Random House Books
Date of publication, distribution, etc 2013
300 ## - PHYSICAL DESCRIPTION
Extent 371:p
942 ## - ADDED ENTRY ELEMENTS (KOHA)
Koha item type Books
Holdings
Withdrawn status Lost status Source of classification or shelving scheme Damaged status Not for loan Collection code Permanent Location Current Location Shelving location Date acquired Total Checkouts Total Renewals Full call number Barcode Date last seen Date checked out Price effective from Koha item type
            MAJU MAJU Shelf No.A23 2019-12-28 9 4 158.1 9021 2024-11-11 2024-11-04 2019-08-03 English Literature

Powered by Koha